[Event "November Weekender"]
[Site "Winnipeg CAN"]
[Date "2016.11.20"]
[Round "4"]
[White "Gannon, Keith"]
[Black "Magnusson, Saul"]
[Result "0-1"]
[WhiteElo "1623"]
[BlackElo "2075"]
[PlyCount "84"]
[EventDate "2016.11.19"]
[EventType "swiss"]
[EventRounds "4"]
[EventCountry "CAN"]

1. e4 e5 2. Nf3 Nc6 3. d3 Nf6 4. Nc3 Be7 5. Be2 d5 6. exd5 Nxd5 7. Nxd5 Qxd5 8.
c3 O-O 9. O-O Rd8 10. Bg5 Bxg5 11. Nxg5 Bf5 12. c4 Qd4 13. Qb3 Qb6 14. Qxb6
axb6 15. Rfd1 Nb4 16. Nf3 Bxd3 17. Bf1 e4 18. Ne5 Bxf1 19. Rxd8+ Rxd8 20. Kxf1
f5 21. a3 Nd3 22. Nxd3 Rxd3 23. Ke2 Kf7 24. Rd1 Rxd1 25. Kxd1 Ke6 26. Kd2 Ke5
27. b3 Kd4 28. g3 g5 29. h4 gxh4 30. gxh4 h5 31. b4 f4 32. c5 bxc5 33. bxc5
Kxc5 34. Kc3 Kd5 35. a4 c5 36. a5 c4 37. Kb4 e3 38. fxe3 f3 39. Kb5 f2 40. Kb6
f1=Q 41. Kxb7 Qb1+ 42. Ka7 Kc6 0-1

[Event "November Weekender"]
[Site "Winnipeg CAN"]
[Date "2016.11.20"]
[Round "4"]
[White "Piche, Zachary"]
[Black "Wolchock, Theo"]
[Result "0-1"]
[WhiteElo "1216"]
[BlackElo "2001"]
[PlyCount "101"]
[EventDate "2016.11.19"]
[EventType "swiss"]
[EventRounds "4"]
[EventCountry "CAN"]

1. d4 Nf6 2. c4 e5 3. dxe5 Ng4 4. Nf3 Bc5 5. e3 Nc6 6. Nc3 Ngxe5 7. Be2 O-O 8.
b3 d6 9. Bb2 Bf5 10. O-O a5 11. Nd5 Be4 12. Nxe5 Nxe5 13. Bxe5 dxe5 14. Bf3
Bxf3 15. Qxf3 c6 16. Nc3 f5 17. Rad1 Qf6 18. Rd7 e4 19. Qe2 Qxc3 20. Qh5 Qf6
21. Rxb7 Ra7 22. Rxa7 Bxa7 23. Rd1 Rd8 24. Re1 g6 25. Qe2 Qc3 26. Rd1 Rxd1+ 27.
Qxd1 Qd3 28. Qe1 Bc5 29. g3 Bb4 30. Qc1 Qc3 31. Qd1 Qe1+ 32. Qxe1 Bxe1 33. Kf1
Bb4 34. Ke2 Kf7 35. f3 Ke6 36. fxe4 fxe4 37. g4 h5 38. gxh5 gxh5 39. Kf2 h4 40.
Ke2 Kd6 41. Kf2 a4 42. bxa4 Kc5 43. a5 Bxa5 44. Ke2 Kxc4 45. Kf2 Kd3 46. Kf1
Kxe3 47. Kg2 c5 48. Kf1 c4 49. a4 c3 50. Kg2 c2 51. Kh3 0-1

[Event "October TNT"]
[Site "Winnipeg CAN"]
[Date "2016.10.04"]
[Round "1"]
[White "Gannon, Keith"]
[Black "Wiebe, Isaac"]
[Result "0-1"]
[WhiteElo "1648"]
[BlackElo "2124"]
[PlyCount "46"]
[EventDate "2016.10.04"]
[EventType "swiss"]
[EventRounds "4"]
[EventCountry "CAN"]

1. e4 e6 2. d4 d5 3. exd5 exd5 4. Nf3 Bg4 5. Be2 Bd6 6. Nc3 Ne7 7. O-O O-O 8.
Re1 Re8 9. h3 Bh5 10. a3 c6 11. b4 Nd7 12. Bb2 Qc7 13. Na4 b6 14. Rc1 Bf4 15.
Nd2 Bxe2 16. Rxe2 Nf6 17. Qe1 Nf5 18. Rxe8+ Rxe8 19. Qd1 Ne4 20. Bc3 Nxf2 21.
Kxf2 Be3+ 22. Ke2 Bxd4+ 23. Kf1 Ng3# 0-1

[Event "October TNT"]
[Site "Winnipeg CAN"]
[Date "2016.10.04"]
[Round "1"]
[White "Piche, Zachary"]
[Black "Bince, Rolando"]
[Result "0-1"]
[WhiteElo "1216"]
[BlackElo "1994"]
[PlyCount "96"]
[EventDate "2016.10.04"]
[EventType "swiss"]
[EventRounds "4"]
[EventCountry "CAN"]

1. d4 c5 2. d5 d6 3. e4 e5 4. c4 f5 5. Nc3 Nf6 6. Bg5 Be7 7. Bxf6 Bxf6 8. Nf3
O-O 9. Be2 f4 10. Qb3 b6 11. O-O g5 12. Nb5 a5 13. Qc2 Na6 14. a3 Rb8 15. Rfb1
Rf7 16. Nc3 h5 17. Nd2 g4 18. Bf1 h4 19. Kh1 Rg7 20. Na2 Bd7 21. b4 Qe8 22. Nb3
Ba4 23. Qd3 cxb4 24. axb4 axb4 25. Nd2 Nc5 26. Qe2 Bc2 27. Rb2 b3 28. Nb4 Na4
29. Rxc2 bxc2 30. Nxc2 Nc5 31. Rb1 Qa4 32. Ne1 Qa3 33. Rb5 Bd8 34. Kg1 Ra8 35.
Nc2 f3 36. Qe3 Qxe3 37. Nxe3 fxg2 38. Bxg2 Ra2 39. Nb1 Ra1 40. Nf5 Rg6 41. Kf1
Na4 42. Ke2 Rxb1 43. Rxb1 Nc3+ 44. Ke3 Nxb1 45. f3 Nc3 46. fxg4 Bg5+ 47. Kf3
Kf7 48. h3 Ke8 0-1

[Event "October TNT"]
[Site "Winnipeg CAN"]
[Date "2016.10.04"]
[Round "1"]
[White "Trueman, Francis"]
[Black "Magnuson, Saul"]
[Result "0-1"]
[WhiteElo "1428"]
[BlackElo "2077"]
[PlyCount "76"]
[EventDate "2016.10.04"]
[EventType "swiss"]
[EventRounds "4"]
[EventCountry "CAN"]

1. e4 e5 2. Nf3 Nc6 3. d3 Bc5 4. Nbd2 Nf6 5. h3 O-O 6. c3 Qe7 7. Qe2 d5 8. g3
dxe4 9. dxe4 Be6 10. Nc4 Rad8 11. Bg2 Bc8 12. O-O a6 13. a4 a5 14. Nh2 Rd7 15.
Ne3 Rfd8 16. Nd5 Nxd5 17. exd5 Nb8 18. Ng4 f6 19. Ne3 b6 20. Be4 Qf7 21. Nf5
Bb7 22. Qg4 Kh8 23. Qh4 Bxd5 24. Bc2 Qg8 25. Bd2 Be6 26. Be3 Na6 27. Bxc5 Nxc5
28. g4 Rd2 29. Ne7 g5 30. Qh6 Qf7 31. Ng6+ Kg8 32. Nxe5 fxe5 33. Qxg5+ Qg7 34.
Qh4 Rf8 35. Bxh7+ Kf7 36. Qh5+ Ke7 37. Qh4+ Qf6 38. g5 Qf4 0-1

[Event "October TNT"]
[Site "Winnipeg CAN"]
[Date "2016.10.04"]
[Round "1"]
[White "Valentino, Marcos"]
[Black "Letain, Corey"]
[Result "1-0"]
[WhiteElo "2224"]
[BlackElo "1740"]
[PlyCount "51"]
[EventDate "2016.10.04"]
[EventType "swiss"]
[EventRounds "4"]
[EventCountry "CAN"]

1. d4 Nf6 2. Nf3 g6 3. g3 Bg7 4. Bg2 O-O 5. O-O d6 6. Nbd2 Nbd7 7. c4 e5 8.
dxe5 dxe5 9. Qc2 Re8 10. Nb3 c5 11. Rd1 Qc7 12. h3 h6 13. Bd2 Rb8 14. Bc3 e4
15. Ne1 e3 16. f4 b6 17. Nf3 Ne4 18. Bxg7 Kxg7 19. Kh2 Bb7 20. Rd3 g5 21. Rad1
Ndf6 22. Ne5 Nxg3 23. Rd7 Nxd7 24. Rxd7 Qxd7 25. Nxd7 Rbd8 26. Qc3+ 1-0

[Event "October TNT"]
[Site "Winnipeg CAN"]
[Date "2016.10.04"]
[Round "1"]
[White "Wolchock, Theo"]
[Black "Denysenko, Nicolas"]
[Result "1-0"]
[WhiteElo "2005"]
[BlackElo "1415"]
[PlyCount "65"]
[EventDate "2016.10.04"]
[EventType "swiss"]
[EventRounds "4"]
[EventCountry "CAN"]

1. c4 e5 2. g3 Nc6 3. Bg2 f5 4. Nc3 Bb4 5. e3 Bxc3 6. bxc3 Nf6 7. d4 d6 8. Ne2
Bd7 9. O-O Rb8 10. Qb3 b6 11. a3 h5 12. f4 h4 13. h3 hxg3 14. Nxg3 e4 15. Qd1
g6 16. Kf2 Na5 17. a4 Nxc4 18. Rb1 a5 19. Rh1 Ng8 20. Bf1 d5 21. Bxc4 dxc4 22.
Qg1 Bxa4 23. Nxf5 gxf5 24. Qg6+ Kf8 25. Qxf5+ Nf6 26. Ba3+ Kf7 27. Rbg1 Qd5 28.
Qg6+ Ke6 29. Rg5 Qd8 30. d5+ Kd7 31. Qf5+ Ke8 32. Qe6+ Qe7 33. Qxe7# 1-0

[Event "October TNT"]
[Site "Winnipeg CAN"]
[Date "2016.10.04"]
[Round "1"]
[White "Zashev, Aleksandar"]
[Black "Annakkage, Udaya"]
[Result "1/2-1/2"]
[WhiteElo "2090"]
[BlackElo "1573"]
[PlyCount "56"]
[EventDate "2016.10.04"]
[EventType "swiss"]
[EventRounds "4"]
[EventCountry "CAN"]

1. Nf3 d5 2. d4 Bf5 3. Ne5 Nd7 4. Nd2 Nxe5 5. dxe5 e6 6. e3 a6 7. Be2 Ne7 8.
O-O Nc6 9. f4 Nb4 10. g4 Bxc2 11. Qe1 Ba4 12. Qg3 d4 13. Ne4 Nc2 14. Rb1 Nxe3
15. Bxe3 dxe3 16. Qxe3 Bc6 17. Rbd1 Qh4 18. f5 Bd5 19. f6 h5 20. Rxd5 hxg4 21.
Qf4 g5 22. Nxg5 Bh6 23. Qb4 Bf8 24. Qf4 Bh6 25. Qa4+ c6 26. Qb4 Bf8 27. Qf4 Bh6
28. Qb4 Bf8 1/2-1/2

[Event "October TNT"]
[Site "Winnipeg CAN"]
[Date "2016.10.11"]
[Round "2"]
[White "Annakkage, Udaya"]
[Black "Green, Jim"]
[Result "1/2-1/2"]
[WhiteElo "1573"]
[BlackElo "1794"]
[PlyCount "90"]
[EventDate "2016.10.04"]
[EventType "swiss"]
[EventRounds "4"]
[EventCountry "CAN"]

1. e4 e5 2. Nf3 Nf6 3. Nxe5 Nxe4 4. Qe2 Qe7 5. Qxe4 d6 6. d4 dxe5 7. dxe5 Nc6
8. Bb5 Bd7 9. O-O O-O-O 10. Re1 a6 11. Bc4 h6 12. Nc3 Nb8 13. Nd5 Qe8 14. Bf4
Be6 15. b4 Qc6 16. Rad1 Bxb4 17. c3 Bc5 18. Bb3 Rhe8 19. c4 Nd7 20. Qc2 Nb6 21.
Nxb6+ Qxb6 22. Rb1 c6 23. Qe2 Qc7 24. Bg3 Qe7 25. Kh1 Bb4 26. Red1 Rxd1+ 27.
Rxd1 Rd8 28. f4 Rxd1+ 29. Qxd1 Qd7 30. Qxd7+ Kxd7 31. Bf2 c5 32. Kg1 Kc6 33.
Kf1 b5 34. cxb5+ axb5 35. Bxe6 fxe6 36. Ke2 Kd5 37. Kd3 c4+ 38. Kc2 Ke4 39. g3
g5 40. fxg5 hxg5 41. h4 gxh4 42. gxh4 Kxe5 43. h5 Kf6 44. Be3 e5 45. Bh6 Ba5
1/2-1/2

[Event "October TNT"]
[Site "Winnipeg CAN"]
[Date "2016.10.11"]
[Round "2"]
[White "Bince, Rolando"]
[Black "Zashev, Aleksandar"]
[Result "0-1"]
[WhiteElo "1994"]
[BlackElo "2090"]
[PlyCount "66"]
[EventDate "2016.10.04"]
[EventType "swiss"]
[EventRounds "4"]
[EventCountry "CAN"]

1. c4 Nf6 2. d4 e6 3. Nf3 b6 4. Nc3 Bb7 5. Bf4 Be7 6. d5 O-O 7. e4 exd5 8. cxd5
Bb4 9. Nd2 Re8 10. Be2 Bxc3 11. bxc3 Nxe4 12. Nxe4 Rxe4 13. Be3 Ba6 14. O-O
Bxe2 15. Qxe2 d6 16. Qd3 Qe8 17. Bd4 Nd7 18. Qg3 Qf8 19. f3 Re7 20. Rae1 Rae8
21. Rxe7 Rxe7 22. Re1 f6 23. Re6 Qf7 24. Qe1 Rxe6 25. dxe6 Qe7 26. f4 f5 27. g4
fxg4 28. Qe4 Nf8 29. f5 h5 30. Qe1 Nd7 31. c4 Ne5 32. Qe4 Nf3+ 33. Kg2 Qh4 0-1

[Event "October TNT"]
[Site "Winnipeg CAN"]
[Date "2016.10.11"]
[Round "2"]
[White "Einarsson, Ken"]
[Black "Kumaragamage, Shashika"]
[Result "1-0"]
[WhiteElo "1750"]
[BlackElo "1481"]
[PlyCount "89"]
[EventDate "2016.10.04"]
[EventType "swiss"]
[EventRounds "4"]
[EventCountry "CAN"]

1. d4 d5 2. c4 c6 3. Nc3 Nf6 4. Nf3 Bf5 5. Qb3 Qb6 6. Qxb6 axb6 7. cxd5 cxd5 8.
e3 Nc6 9. Bb5 e6 10. Ne5 Rc8 11. O-O Bd6 12. Na4 Bxe5 13. Nxb6 Bxh2+ 14. Kxh2
Rc7 15. Bd2 Nd7 16. Nxd7 Kxd7 17. Rac1 Kd6 18. a3 g5 19. Bxc6 Rxc6 20. Bb4+ Kd7
21. Rxc6 bxc6 22. a4 h5 23. Bc5 Rb8 24. b4 f6 25. a5 Bd3 26. Ra1 Bb5 27. Bb6
Ra8 28. Bc5 e5 29. f3 Ke6 30. Kg3 Ba6 31. e4 dxe4 32. fxe4 Rb8 33. Rd1 Rd8 34.
Kf3 exd4 35. Rxd4 Rxd4 36. Bxd4 f5 37. Be3 fxe4+ 38. Kxe4 g4 39. g3 Bc8 40. Kd4
Kd6 41. Bf4+ Kd7 42. Kc5 Bb7 43. Kb6 Kc8 44. a6 Ba8 45. Ka7 1-0

[Event "October TNT"]
[Site "Winnipeg CAN"]
[Date "2016.10.11"]
[Round "2"]
[White "Letain, Cory"]
[Black "Leaden, Bruce"]
[Result "1/2-1/2"]
[WhiteElo "1740"]
[BlackElo "1399"]
[PlyCount "118"]
[EventDate "2016.10.04"]
[EventType "swiss"]
[EventRounds "4"]
[EventCountry "CAN"]

1. d4 e6 2. e4 d5 3. exd5 exd5 4. Nf3 Bd6 5. c4 Nf6 6. Nc3 O-O 7. cxd5 Bb4 8.
Bd3 Re8+ 9. Be3 Nxd5 10. O-O Nxe3 11. fxe3 Bg4 12. Qc2 h6 13. Bh7+ Kf8 14. Ne5
Rxe5 15. dxe5 Qg5 16. Nd5 Nc6 17. Rxf7+ Kxf7 18. Rf1+ Ke8 19. Bg6+ Kd7 20. Rf7+
Ke6 21. Nxc7+ Kxe5 22. Qe4+ Kd6 23. Qd3+ Kc5 24. Qb5+ Kd6 25. Qxg5 hxg5 26.
Nxa8 Ne5 27. Rxg7 Bd2 28. Kf2 Be6 29. Bh5 Bc1 30. Rxb7 Bxb2 31. Rxa7 Nd3+ 32.
Kf1 Nc5 33. Be2 Bc1 34. Nc7 Bxe3 35. Nxe6 Nxe6 36. Ra6+ Ke5 37. Rxe6+ Kxe6 38.
Bc4+ Ke5 39. Ke2 Kd4 40. a4 Bf4 41. g3 Bc7 42. Bb5 Ke4 43. Bc6+ Ke5 44. Kf3 Kf6
45. Kg4 Ba5 46. h3 Bd8 47. Kh5 Kg7 48. a5 Bxa5 49. Kxg5 Bd2+ 50. Kf5 Kh6 51.
Be8 Bg5 52. Kg4 Bd8 53. h4 Bc7 54. h5 Bxg3 55. Kxg3 Kg7 56. Kg4 Kg8 57. Kf5 Kg7
58. Kg5 Kh8 59. Kg6 Kg8 1/2-1/2

[Event "October TNT"]
[Site "Winnipeg CAN"]
[Date "2016.10.11"]
[Round "2"]
[White "Magnusson, Saul"]
[Black "Valentino, Marcos"]
[Result "0-1"]
[WhiteElo "2077"]
[BlackElo "2224"]
[PlyCount "110"]
[EventDate "2016.10.04"]
[EventType "swiss"]
[EventRounds "4"]
[EventCountry "CAN"]

1. d4 Nf6 2. c4 d6 3. Nf3 Nbd7 4. Nc3 e5 5. e4 Be7 6. Be2 O-O 7. O-O exd4 8.
Qxd4 Re8 9. Bf4 Nc5 10. Qe3 Ng4 11. Qd2 Bf6 12. Bd3 Bxc3 13. Qxc3 Qf6 14. Qxf6
Nxf6 15. Bc2 Ncxe4 16. Rfe1 Bd7 17. Rad1 Bg4 18. h3 Bxf3 19. gxf3 Nc5 20. Kf1
Rxe1+ 21. Kxe1 Ne6 22. Be3 g6 23. f4 b6 24. f5 Ng7 25. fxg6 hxg6 26. f3 Ne6 27.
Kd2 Kg7 28. f4 Rh8 29. f5 gxf5 30. Rg1+ Kf8 31. Bxf5 Rh5 32. Rf1 Ke7 33. Kc3 c5
34. b4 Ng7 35. Bc8 Ne6 36. Rh1 Re5 37. Re1 cxb4+ 38. Kxb4 Nc5 39. Kc3 Kd8 40.
Bg4 Nxg4 41. hxg4 Kd7 42. Kd4 Re4+ 43. Kc3 Rxg4 44. Rh1 Rg3 45. Kd4 Ne6+ 46.
Ke4 f5+ 47. Kd3 f4 48. Rh7+ Kc6 49. Rxa7 Rxe3+ 50. Kd2 Nc5 51. Rf7 Ne4+ 52. Kc2
f3 53. Rf5 f2 54. a4 Re1 55. Kd3 Nc5+ 0-1

[Event "October TNT"]
[Site "Winnipeg CAN"]
[Date "2016.10.11"]
[Round "2"]
[White "Magyar, Peter"]
[Black "Rutter, Blair"]
[Result "0-1"]
[WhiteElo "1614"]
[BlackElo "1895"]
[PlyCount "98"]
[EventDate "2016.10.04"]
[EventType "swiss"]
[EventRounds "4"]
[EventCountry "CAN"]

1. d4 d5 2. Nf3 Nf6 3. Bf4 e6 4. Nbd2 c5 5. c3 Nc6 6. e3 Bd7 7. h3 Rc8 8. Be2
Be7 9. O-O O-O 10. Nb3 b6 11. Ba6 Ne4 12. Bxc8 Bxc8 13. Nbd2 Nd6 14. Ne5 Nb8
15. Qg4 f6 16. Bh6 Ne8 17. Nef3 e5 18. Qg3 Kh8 19. dxe5 gxh6 20. exf6 Bd6 21.
Ne5 Qxf6 22. f4 Ng7 23. Ng4 Qg6 24. Qf3 h5 25. Nf2 Be6 26. Qe2 Nf5 27. Nh1 Nh4
28. Nf3 Be7 29. Ng5 Bf5 30. Rf2 h6 31. Nf3 Bxh3 32. Ne5 Qg7 33. Qxh5 Bf5 34.
Rc1 c4 35. Qd1 Be4 36. g3 Bc5 37. Qd2 Nf5 38. Re1 Rg8 39. Rh2 Kh7 40. g4 Nd7
41. Kf2 Nxe5 42. g5 Ng4+ 43. Kf1 Nxh2+ 44. Qxh2 Bxh1 45. Ke2 Be4 46. Rg1 Bxe3
47. g6+ Kh8 48. Rg4 d4 49. cxd4 Qxd4 0-1

[Event "October TNT"]
[Site "Winnipeg CAN"]
[Date "2016.10.11"]
[Round "2"]
[White "Piche, Zachary"]
[Black "Gannon, Keith"]
[Result "0-1"]
[WhiteElo "1216"]
[BlackElo "1648"]
[PlyCount "77"]
[EventDate "2016.10.04"]
[EventType "swiss"]
[EventRounds "4"]
[EventCountry "CAN"]

1. d4 d5 2. c4 e6 3. Nc3 Nf6 4. Bg5 Be7 5. Nf3 O-O 6. e3 c6 7. Bd3 Nbd7 8. cxd5
cxd5 9. Rc1 a6 10. Qc2 h6 11. Bf4 Nb6 12. Ne5 Bd6 13. O-O Re8 14. a3 Bxe5 15.
Bxe5 Bd7 16. Nb1 Bc6 17. Nd2 Rc8 18. Qb1 Nbd7 19. Nf3 Nxe5 20. Nxe5 Rf8 21. Rc3
Bb5 22. Rxc8 Qxc8 23. Rc1 Bxd3 24. Nxd3 Qb8 25. Ne5 Rc8 26. h3 Rxc1+ 27. Qxc1
Qd8 28. b4 Ne4 29. Nd3 Nd6 30. Nc5 h5 31. Qd1 g6 32. Qa4 Qc8 33. Qd7 Qxd7 34.
Nxd7 Kg7 35. Kf1 Nc4 36. a4 Nb2 37. Nc5 b6 38. Nxa6 Nxa4 39. Nb8 0-1

[Event "October TNT"]
[Site "Winnipeg CAN"]
[Date "2016.10.11"]
[Round "2"]
[White "Wiebe, Isaac"]
[Black "Konara, Harshani"]
[Result "1-0"]
[WhiteElo "2124"]
[BlackElo "1880"]
[PlyCount "65"]
[EventDate "2016.10.04"]
[EventType "swiss"]
[EventRounds "4"]
[EventCountry "CAN"]

1. e4 d5 2. exd5 Qxd5 3. Nc3 Qd6 4. d4 c6 5. Bc4 Bf5 6. Nf3 e6 7. O-O Nf6 8.
Re1 Be7 9. Ne5 O-O 10. Bf4 Qd8 11. g4 Bg6 12. h4 b5 13. Bb3 h6 14. Nxg6 fxg6
15. Bxe6+ Kh7 16. Bg3 Ne8 17. h5 gxh5 18. Qd3+ Kh8 19. gxh5 Bh4 20. Ne4 Bxg3
21. Nxg3 Nd6 22. Re2 Na6 23. Rae1 Nc7 24. Bb3 Qf6 25. c3 Qf3 26. Qxf3 Rxf3 27.
Re7 Nd5 28. Bxd5 cxd5 29. R7e5 Nc4 30. Re8+ Rxe8 31. Rxe8+ Kh7 32. Rd8 Nb6 33.
Kg2 1-0

[Event "October TNT"]
[Site "Winnipeg CAN"]
[Date "2016.10.18"]
[Round "3"]
[White "Annakkage, Udaya"]
[Black "Bince, Rolando"]
[Result "1/2-1/2"]
[WhiteElo "1573"]
[BlackElo "1994"]
[PlyCount "52"]
[EventDate "2016.10.04"]
[EventType "swiss"]
[EventRounds "4"]
[EventCountry "CAN"]

1. e4 e6 2. d4 d5 3. Nd2 Nf6 4. e5 Nfd7 5. c3 c5 6. Ngf3 Nc6 7. Be2 cxd4 8.
cxd4 Qb6 9. Nb3 a5 10. a4 Bb4+ 11. Kf1 Be7 12. Be3 O-O 13. h4 f5 14. Bg5 h6 15.
Bf4 Ndb8 16. Bb5 Na6 17. Qc1 Bd7 18. Nc5 Be8 19. Bxc6 Bxc6 20. Bg5 Bxc5 21.
dxc5 Qb4 22. Be7 Rf7 23. Bd6 Re8 24. h5 Bxa4 25. Rh4 Bb5+ 26. Kg1 Bc4 1/2-1/2

[Event "October TNT"]
[Site "Winnipeg CAN"]
[Date "2016.10.18"]
[Round "3"]
[White "Gannon, Keith"]
[Black "Magnusson, Saul"]
[Result "0-1"]
[WhiteElo "1648"]
[BlackElo "2077"]
[PlyCount "70"]
[EventDate "2016.10.04"]
[EventType "swiss"]
[EventRounds "4"]
[EventCountry "CAN"]

1. e4 e5 2. Nf3 Nc6 3. d4 exd4 4. Nxd4 Nf6 5. Nxc6 bxc6 6. Bd3 Bb7 7. Bg5 Be7
8. Qe2 O-O 9. O-O d6 10. e5 Nd5 11. Bxe7 Qxe7 12. exd6 Qxe2 13. Bxe2 Rae8 14.
Bd3 cxd6 15. Nd2 Re7 16. Rae1 Rfe8 17. Rxe7 Rxe7 18. a3 Nf4 19. Nc4 d5 20. Ne3
c5 21. b3 d4 22. Nf5 Re5 23. Nh4 Nxd3 24. cxd3 Re2 25. b4 Rd2 26. bxc5 Rxd3 27.
Nf5 g6 28. Nd6 Ba6 29. a4 f5 30. g3 Rd2 31. Nb5 d3 32. Nxa7 Rc2 33. c6 d2 34.
c7 Rxc7 35. Rd1 Rc1 0-1

[Event "October TNT"]
[Site "Winnipeg CAN"]
[Date "2016.10.18"]
[Round "3"]
[White "Leaden, Bruce"]
[Black "Konara, Harshani"]
[Result "0-1"]
[WhiteElo "1399"]
[BlackElo "1871"]
[PlyCount "78"]
[EventDate "2016.10.04"]
[EventType "swiss"]
[EventRounds "4"]
[EventCountry "CAN"]

1. e4 d5 2. exd5 Qxd5 3. Nc3 Qd8 4. d4 c6 5. Nf3 Bf5 6. Bc4 e6 7. Be3 Nf6 8.
Nh4 Bg6 9. Qe2 Bb4 10. Nxg6 hxg6 11. a3 Bxc3+ 12. bxc3 Nbd7 13. Bd3 O-O 14. Bd2
Re8 15. O-O e5 16. Qd1 c5 17. Bb5 exd4 18. cxd4 cxd4 19. Bg5 a6 20. Bxf6 gxf6
21. Bd3 Nc5 22. Qf3 f5 23. Rfe1 Qa5 24. Rxe8+ Rxe8 25. Bf1 Ne4 26. Qe2 Re6 27.
Qd3 Qc5 28. Rd1 Rd6 29. h3 Nc3 30. Rd2 Qxa3 31. Qc4 Qc1 32. Rxd4 Rxd4 33. Qxc3
Qd2 34. Qc8+ Kg7 35. Qxb7 a5 36. Qb3 a4 37. Qa2 Qb4 38. Qa1 a3 39. Bd3 Qb2 0-1

[Event "October TNT"]
[Site "Winnipeg CAN"]
[Date "2016.10.18"]
[Round "3"]
[White "Letain, Cory"]
[Black "Magyar, Peter"]
[Result "1-0"]
[WhiteElo "1740"]
[BlackElo "1614"]
[PlyCount "53"]
[EventDate "2016.10.04"]
[EventType "swiss"]
[EventRounds "4"]
[EventCountry "CAN"]

1. d4 e6 2. e4 d5 3. exd5 exd5 4. Nf3 Nf6 5. c4 Bb4+ 6. Nc3 O-O 7. Bd3 Re8+ 8.
Be3 dxc4 9. Bxc4 Ng4 10. O-O Nxe3 11. fxe3 Bg4 12. Bxf7+ Kxf7 13. Ne5+ Kg8 14.
Nxg4 Nd7 15. Qb3+ Kh8 16. Qxb4 Qc8 17. Rf7 c5 18. Qb5 Nb6 19. Raf1 Rd8 20. Qxc5
Nc4 21. Qg5 Rg8 22. Nh6 Nd6 23. Qd5 Rd8 24. Nb5 Nc4 25. Rf8+ Rxf8 26. Qg8+ Rxg8
27. Nf7# 1-0

[Event "October TNT"]
[Site "Winnipeg CAN"]
[Date "2016.10.18"]
[Round "3"]
[White "Rutter, Blair"]
[Black "Zashev, Aleksandar"]
[Result "0-1"]
[WhiteElo "1895"]
[BlackElo "2090"]
[PlyCount "90"]
[EventDate "2016.10.04"]
[EventType "swiss"]
[EventRounds "4"]
[EventCountry "CAN"]

1. c4 Nf6 2. g3 e6 3. Bg2 d5 4. d3 Bb4+ 5. Nd2 O-O 6. Qb3 a5 7. Ngf3 Nbd7 8.
O-O c6 9. Rd1 Qe7 10. a3 Bc5 11. d4 Ba7 12. Qc2 e5 13. e3 Re8 14. b4 Ng4 15.
Bb2 e4 16. Ne1 Qg5 17. Nf1 Ndf6 18. cxd5 cxd5 19. Rdc1 Bd7 20. Qb3 a4 21. Qd1
Bb5 22. Qd2 Bb8 23. Rc5 Bxf1 24. Bxf1 Bd6 25. Rc2 Nxh2 26. Kxh2 Ng4+ 27. Kg1
Qh5 28. Bg2 Re6 29. Rac1 h6 30. Rc8+ Rxc8 31. Rxc8+ Kh7 32. Rc2 Rf6 33. f4 exf3
34. Bxf3 Bxg3 35. Qg2 Bxe1 36. Qxg4 Rg6 37. Rg2 Rxg4 38. Bxg4 Qg5 39. Bc1 Qf6
40. Be2 g6 41. Bb5 Qf5 42. Re2 Bg3 43. Bxa4 h5 44. Bc2 Qf3 45. Rg2 h4 0-1

[Event "October TNT"]
[Site "Winnipeg CAN"]
[Date "2016.10.18"]
[Round "3"]
[White "Trueman, Francis"]
[Black "Piche, Zachary"]
[Result "1-0"]
[WhiteElo "1428"]
[BlackElo "1216"]
[PlyCount "63"]
[EventDate "2016.10.04"]
[EventType "swiss"]
[EventRounds "4"]
[EventCountry "CAN"]

1. Nf3 Nf6 2. d3 d5 3. Nbd2 Bf5 4. g3 e6 5. Bg2 c5 6. Nh4 Bg6 7. O-O Nc6 8.
Nxg6 fxg6 9. Re1 Bd6 10. e4 O-O 11. Nf1 b5 12. c3 c4 13. Ne3 Ne5 14. exd5 Nxd3
15. Rf1 e5 16. Ng4 Nxg4 17. Qxg4 Nxf2 18. Qe2 Bc5 19. Be3 Bxe3 20. Qxe3 Nd3 21.
b4 Qd6 22. Be4 Nb2 23. Rab1 Na4 24. Kh1 Nb6 25. Qc5 Rfd8 26. Rbd1 a6 27. Rf2
Rac8 28. Qe3 Qe7 29. Qxb6 Rd6 30. Qe3 Rf8 31. Rxf8+ Qxf8 32. Kg2 1-0

[Event "October TNT"]
[Site "Winnipeg CAN"]
[Date "2016.10.18"]
[Round "3"]
[White "Valentino, Marcus"]
[Black "Wiebe, Isaac"]
[Result "0-1"]
[WhiteElo "2224"]
[BlackElo "2124"]
[PlyCount "126"]
[EventDate "2016.10.04"]
[EventType "swiss"]
[EventRounds "4"]
[EventCountry "CAN"]

1. d4 e6 2. Nf3 f5 3. d5 exd5 4. Qxd5 Nf6 5. Qxf5 d5 6. Qd3 Nc6 7. c3 Bc5 8.
Bg5 O-O 9. e3 Bg4 10. Bxf6 Rxf6 11. Nbd2 Qd7 12. Be2 Rd8 13. b4 Bf5 14. Qb5 Bb6
15. Nd4 a6 16. Qa4 Nxd4 17. Qxd7 Nc2+ 18. Kd1 Rxd7 19. Rc1 Na3 20. Ke1 a5 21.
bxa5 Bxa5 22. Nb3 Bb6 23. Nd4 Bxd4 24. cxd4 Rb6 25. h4 Rb2 26. g4 Be4 27. f3
Bb1 28. Rc3 Nc4 29. a3 Rc2 30. Rxc2 Bxc2 31. Bxc4 dxc4 32. Kd2 Bb3 33. Kc3 Kf8
34. Rf1 Ke7 35. e4 Rd6 36. f4 Ra6 37. Ra1 Kd6 38. f5 c5 39. dxc5+ Kxc5 40. e5
Kd5 41. e6 Kd6 42. g5 Ke7 43. Re1 Ba4 44. h5 Bc6 45. h6 Rxa3+ 46. Kxc4 gxh6 47.
f6+ Ke8 48. Kb4 Ra4+ 49. Kc5 Ra5+ 50. Kd6 Rd5+ 51. Kc7 hxg5 52. Ra1 Rd8 53. f7+
Ke7 54. Ra5 Rf8 55. Re5 h6 56. Kb6 g4 57. Rh5 Kxe6 58. Rxh6+ Kxf7 59. Kc5 g3
60. Rh4 g2 61. Rf4+ Kg7 62. Rg4+ Kh6 63. Kd4 Rf1 0-1

[Event "October TNT"]
[Site "Winnipeg CAN"]
[Date "2016.10.18"]
[Round "3"]
[White "Wolchock, Theo"]
[Black "Einarsson, Ken"]
[Result "1-0"]
[WhiteElo "2005"]
[BlackElo "1750"]
[PlyCount "69"]
[EventDate "2016.10.04"]
[EventType "swiss"]
[EventRounds "4"]
[EventCountry "CAN"]

1. c4 c6 2. Nf3 d5 3. b3 h6 4. Bb2 Bf5 5. d3 Nf6 6. Nbd2 e6 7. g3 Be7 8. Bg2
O-O 9. O-O Nbd7 10. Rc1 dxc4 11. Nxc4 Nb6 12. Qd2 Nxc4 13. bxc4 Qc7 14. Be5 Qd7
15. Qb2 Ne8 16. Rb1 b6 17. Bc3 Rc8 18. Ne5 Qb7 19. Nxc6 Rxc6 20. Qb5 Nd6 21.
Qxc6 Qxc6 22. Bxc6 Rc8 23. Bb5 Nxb5 24. Rxb5 f6 25. Bb4 Bd8 26. Bd2 Bg6 27. Rc1
Be7 28. Rb3 e5 29. Bb4 Bd8 30. Rbc3 Bf7 31. e3 a5 32. Ba3 Be6 33. d4 exd4 34.
exd4 Bf7 35. d5 1-0

[Event "October TNT"]
[Site "Winnipeg CAN"]
[Date "2016.10.25"]
[Round "4"]
[White "Bince, Rolando"]
[Black "Letain, Cory"]
[Result "1-0"]
[WhiteElo "1994"]
[BlackElo "1740"]
[PlyCount "76"]
[EventDate "2016.10.04"]
[EventType "swiss"]
[EventRounds "4"]
[EventCountry "CAN"]

1. e4 e5 2. f4 d5 3. d3 dxe4 4. dxe4 Qxd1+ 5. Kxd1 Nc6 6. Bb5 Bg4+ 7. Ke1 O-O-O
8. Bd2 Nd4 9. Bd3 exf4 10. c3 f3 11. g3 f2+ 12. Kxf2 Ne6 13. Bc2 Bc5+ 14. Be3
Ne7 15. h3 Bh5 16. g4 Bg6 17. Nf3 Bxe3+ 18. Kxe3 Rhe8 19. Nbd2 Nd5+ 20. Kf2 Nc5
21. Rae1 Nf4 22. Kg3 Nfd3 23. Bxd3 Rxd3 24. e5 Red8 25. Rh2 Ne6 26. h4 h5 27.
g5 Bf5 28. Ne4 Bxe4 29. Rxe4 g6 30. Kf2 Ng7 31. Ke2 Nf5 32. Rg2 c5 33. Rg1 b5
34. Kf2 a5 35. Rge1 b4 36. Rc4 R8d5 37. cxb4 axb4 38. Rec1 Kd7 1-0

[Event "October TNT"]
[Site "Winnipeg CAN"]
[Date "2016.10.25"]
[Round "4"]
[White "Denysenko, Nicolas"]
[Black "Gannon, Keith"]
[Result "1-0"]
[WhiteElo "1415"]
[BlackElo "1648"]
[PlyCount "57"]
[EventDate "2016.10.04"]
[EventType "swiss"]
[EventRounds "4"]
[EventCountry "CAN"]

1. e4 e5 2. Nf3 d6 3. d4 exd4 4. Nxd4 Nf6 5. Nc3 Be7 6. Bc4 O-O 7. Bd2 a6 8.
Qe2 Bg4 9. f3 Bh5 10. O-O-O Nbd7 11. g4 Bg6 12. h4 h6 13. g5 Nh5 14. gxh6 Ng3
15. Qg2 Nxh1 16. Rxh1 Ne5 17. hxg7 Nxc4 18. gxf8=Q+ Qxf8 19. h5 Nxd2 20. Kxd2
Qh6+ 21. Ke2 Qg5 22. Qxg5 Bxg5 23. hxg6 fxg6 24. Ne6 Bd8 25. Nxd8 Rxd8 26. Nd5
c6 27. Nf4 Kg7 28. Rg1 d5 29. Ne6+ 1-0